000 00595nam a2200145Ia 4500
008 100204s9999 xx 000 0 und d
082 _b17281
100 _aटिपणीस गोविंद गोपाळ
245 _aकौटिलीय अर्थशास्त्र प्रदिप
260 _b"वरदा बुक्स , पुणे"
_c1990 2
300 _a207
630 _aकौटिलीय अर्थशास्त्र प्रदिप
730 _aकौटिलीय अर्थशास्त्र प्रदिप
942 _cBOOK
999 _c461704
_d461701